| 000 | 00816nas a2200277 i 4500 | ||
|---|---|---|---|
| 001 | 1845 | ||
| 003 | ES-MaACL | ||
| 005 | 20250217134409.0 | ||
| 007 | t| | ||
| 008 | 950801d19401951sp | | 1 ||pa d | ||
| 080 | _a615 | ||
| 245 | 0 | 0 |
_aRevista española de farmacología y terapéutica / _cdir. José Sánchez Rodríguez. |
| 260 |
_aMadrid : _bMarsiega, _c1940-1951. |
||
| 300 |
_a11 v. ; _c27 cm. |
||
| 310 | _aBimestral | ||
| 321 |
_aMensual, _b1940-1947 |
||
| 321 |
_aTrimestral, _b1948 |
||
| 362 | 0 | _aV. I (ene. 1940)-(1951) | |
| 650 | 1 | 4 |
_aFarmacología. _912725 |
| 700 | 1 |
_aSánchez Rodríguez, José, _edir. _9102888 |
|
| 740 | 0 | _aFarmacología y terapéutica. | |
| 785 | 0 | 0 |
_aFarmacología y terapeútica _d1942 |
| 852 |
_aES-MaACL _jHem-25 |
||
| 866 | 0 | _o1940-1951 | |
| 999 |
_c1845 _d1845 |
||